<?xml version="1.0" encoding="UTF-8"?>
<record
    xmlns:xsi="http://www.w3.org/2001/XMLSchema-instance"
    xsi:schemaLocation="http://www.loc.gov/MARC21/slim http://www.loc.gov/standards/marcxml/schema/MARC21slim.xsd"
    xmlns="http://www.loc.gov/MARC21/slim">

  <leader>00778nam a22002297a 4500</leader>
  <controlfield tag="003">OSt</controlfield>
  <controlfield tag="005">20260530113920.0</controlfield>
  <controlfield tag="008">260520b        |||||||| |||| 00| 0 eng d</controlfield>
  <datafield tag="040" ind1=" " ind2=" ">
    <subfield code="a">ICI</subfield>
    <subfield code="b">spa </subfield>
    <subfield code="c">ICI </subfield>
  </datafield>
  <datafield tag="041" ind1=" " ind2=" ">
    <subfield code="a">ita</subfield>
  </datafield>
  <datafield tag="050" ind1=" " ind2=" ">
    <subfield code="a">NK2110</subfield>
    <subfield code="b">.I58</subfield>
  </datafield>
  <datafield tag="245" ind1=" " ind2=" ">
    <subfield code="a">INTERNI</subfield>
    <subfield code="b">Especial M&#xE9;xico</subfield>
    <subfield code="c">UNITED MEXICAN DESIGN </subfield>
    <subfield code="n">3RA EDICI&#xD3;N </subfield>
  </datafield>
  <datafield tag="260" ind1=" " ind2=" ">
    <subfield code="a">Gruppo Mondadori </subfield>
    <subfield code="b">the magazine of interiors and contemporany design </subfield>
    <subfield code="c">2018</subfield>
  </datafield>
  <datafield tag="300" ind1=" " ind2=" ">
    <subfield code="a">127 p&#xE1;ginas : </subfield>
  </datafield>
  <datafield tag="650" ind1=" " ind2=" ">
    <subfield code="a">Interior decoration</subfield>
    <subfield code="z">M&#xE9;xico.</subfield>
    <subfield code="9">34513</subfield>
  </datafield>
  <datafield tag="650" ind1=" " ind2=" ">
    <subfield code="a">Interior architecture</subfield>
    <subfield code="z">M&#xE9;xico.</subfield>
    <subfield code="9">34514</subfield>
  </datafield>
  <datafield tag="650" ind1=" " ind2=" ">
    <subfield code="a">Architecture, Modern</subfield>
    <subfield code="z">M&#xE9;xico.</subfield>
    <subfield code="9">34515</subfield>
  </datafield>
  <datafield tag="650" ind1=" " ind2=" ">
    <subfield code="a">Designers</subfield>
    <subfield code="z">M&#xE9;xico.</subfield>
    <subfield code="9">34516</subfield>
  </datafield>
  <datafield tag="650" ind1=" " ind2=" ">
    <subfield code="a">Furniture design</subfield>
    <subfield code="z">M&#xE9;xico.</subfield>
    <subfield code="9">34517</subfield>
  </datafield>
  <datafield tag="650" ind1=" " ind2=" ">
    <subfield code="a">Decorative arts, Modern</subfield>
    <subfield code="z">M&#xE9;xico.</subfield>
    <subfield code="9">34518</subfield>
  </datafield>
  <datafield tag="942" ind1=" " ind2=" ">
    <subfield code="2">lcc</subfield>
    <subfield code="c">BK</subfield>
    <subfield code="n">1</subfield>
  </datafield>
  <datafield tag="999" ind1=" " ind2=" ">
    <subfield code="c">12413</subfield>
    <subfield code="d">12413</subfield>
  </datafield>
</record>
